000 00693nam a2200289Ia 4500
005 20260324133204.0
008 008 260324s9999 xx 000 0 eng d
020 _a9781315224206
037 _aEBOOK
040 _aCRL
040 _beng
040 _cCRL
041 _2eng
041 _aeng
084 _qCRL
100 _aRichard Settersten
_91192127
245 0 _aInvitation to the Life Course
245 0 _bTowards new understandings of later life
260 _bTaylor and Francis
260 _c2003
365 _a
365 _b280
856 _uhttp://www.taylorfrancis.com/books/9781315224206
942 _cEBOOK
999 _c1790963
_d1790963